CASES ON INFORMATION TECHNOLOGY AND ORGA (Record no. 10620)

MARC details
000 -LEADER
fixed length control field 00359nam a2200133Ia 4500
008 - FIXED-LENGTH DATA ELEMENTS--GENERAL INFORMATION
fixed length control field 240624s9999 xx 000 0 und d
041 ## - LANGUAGE CODE
Language code of text/sound track or separate title eng
082 ## - DEWEY DECIMAL CLASSIFICATION NUMBER
Classification number 658.4038 KHO
100 ## - MAIN ENTRY--PERSONAL NAME
Personal name KHOSROW POUR MEHDI
245 ## - TITLE STATEMENT
Title CASES ON INFORMATION TECHNOLOGY AND ORGA
260 ## - PUBLICATION, DISTRIBUTION, ETC.
Date of publication, distribution, etc. 2006
Place of publication, distribution, etc. Hershey
Name of publisher, distributor, etc. Idea Group Publishing
300 ## - PHYSICAL DESCRIPTION
Extent 413 : p. : cm. ; 26
365 ## - TRADE PRICE
Currency code
Price amount 30
Holdings
Withdrawn status Lost status Damaged status Not for loan Home library Current library Shelving location Date acquired Source of acquisition Cost, normal purchase price Full call number Barcode Date last seen Copy number Price effective from Koha item type
        IMTN IMTN Rack 29-A 09/26/2008 BWE 84.95 658.4038 KHO 10620 06/24/2024 45.2 06/24/2024 Books
Designed & Maintained by: LRC IMT Nagpur Contact: lrc@imtnag.ac.in© 2024. All Rights Reserved.